<The> Growing Importance of Startups in the Competitive Environment of International Markets

Definícia pojmu startup. Posudzovanie konkurenčnej výhody v inovačnom prostredí prostredníctvom modelu IEEE. Rozdiely v startupoch v porovnaní s tradičnými podnikmi. Medzinárodné riziká pre začínajúce firmy a možnosti ich eliminácie. Konkurencieschopnosť inovatívnych firiem na medzinárodných trhoch...

Descrizione completa

Salvato in:
Dettagli Bibliografici
Autore principale: Zorkóciová, Otília, 1954-
Altri autori: Palušková, Hana, Nogová, Kristína
Natura: Capitolo di libro
Lingua:inglese
Soggetti:
Tags: Aggiungi Tag
Nessun Tag, puoi essere il primo ad aggiungerne!!

MARC

LEADER 00000naa$a2200000$$$4500
001 0261000
005 20240502083746.7
041 0 |a eng 
044 |a PL 
245 1 0 |a <The> Growing Importance of Startups in the Competitive Environment of International Markets  |c Otília Zorkóciová, Hana Palušková, Kristína Nogová 
520 |a Definícia pojmu startup. Posudzovanie konkurenčnej výhody v inovačnom prostredí prostredníctvom modelu IEEE. Rozdiely v startupoch v porovnaní s tradičnými podnikmi. Medzinárodné riziká pre začínajúce firmy a možnosti ich eliminácie. Konkurencieschopnosť inovatívnych firiem na medzinárodných trhoch a možnosť ich posilnenia. Iniciatívy EÚ so zameraním sa na SR. 
610 2 0 |a inovácie technologické 
610 2 0 |a start-up 
610 2 0 |a prostredie konkurenčné 
610 2 0 |a trh medzinárodný 
610 2 0 |a podpora podnikania 
610 2 0 |a podnik malý 
610 2 0 |a podnik stredný 
100 1 |a Zorkóciová, Otília, 1954- 
700 1 |a Palušková, Hana 
700 1 |a Nogová, Kristína